[Event "Khanty-Mansiysk Governor Cup 6th"]
[Site "Khanty-Mansiysk"]
[Date "2010.09.26"]
[Round "10"]
[White "Churaev, Vadim"]
[Black "Kirillov, Igor"]
[Result "0-1"]
[WhiteElo "2121"]
[BlackElo "2276"]
[PlyCount "106"]
[EventDate "2010.09.17"]
[EventType "swiss"]
[EventRounds "10"]
[EventCountry "RUS"]
[SourceTitle "CBM 138 Extra"]
[Source "ChessBase"]
[SourceDate "2010.10.29"]
[SourceVersion "1"]
[SourceVersionDate "2010.10.29"]
[SourceQuality "1"]

1. d4 c5 2. c3 d5 3. Nf3 e6 4. Bf4 Bd6 5. Bg3 Nf6 6. Nbd2 0-0 7. e3 b6 8. Bd3 Ba6 9. Bxa6 Nxa6 10. 0-0 Bxg3 11. hxg3 Qd6 12. Qe2 Nc7 13. Rfd1 c4 14. e4 Nd7 15. e5 Qe7 16. g4 Rfb8 17. g3 Kf8 18. Kg2 Ke8 19. Rh1 Nf8 20. Qe3 b5 21. Ng5 h6 22. Ngf3 Nh7 23. Rh5 a5 24. g5 Nxg5 25. Nxg5 hxg5 26. Rxg5 g6 27. Rg4 Kd7 28. Nf3 Rh8 29. Ng5 Rh5 30. Rh1 Rah8 31. Rxh5 Rxh5 32. Qf4 Ke8 33. Nf3 b4 34. Qd2 Nb5 35. cxb4 Qxb4 36. Qc2 Ke7 37. a3 Qb3 38. Qxb3 cxb3 39. a4 Na7 40. Nd2 Nc6 41. Nxb3 Rh8 42. Rf4 Rb8 43. Rf3 Rb4 44. Rd3 Rxa4 45. Kf3 Rb4 46. Ke3 a4 47. Nc5 Rxb2 48. Nxa4 Rb4 49. Nc5 Rc4 50. Nb3 Nb4 51. Rd1 Rc3+ 52. Kf4 Rxb3 53. Rc1 Nd3+ 0-1

[Event "Moscow op-B"]
[Site "Moscow"]
[Date "2009.02.08"]
[Round "9"]
[White "Savitskiy, Sergey"]
[Black "Kirillov, Igor"]
[Result "0-1"]
[WhiteElo "2143"]
[BlackElo "2277"]
[PlyCount "136"]
[EventDate "2009.01.31"]
[EventType "swiss"]
[EventRounds "9"]
[EventCountry "RUS"]
[SourceTitle "EXT 2012"]
[Source "ChessBase"]
[SourceDate "2011.11.24"]
[SourceVersion "1"]
[SourceVersionDate "2011.11.24"]
[SourceQuality "1"]

1. e4 c5 2. Nf3 Nc6 3. Bb5 g6 4. 0-0 Bg7 5. c3 Nf6 6. Re1 0-0 7. d4 cxd4 8. cxd4 d5 9. e5 Ne4 10. Bxc6 bxc6 11. Nbd2 Nxd2 12. Bxd2 Qb6 13. b4 Bg4 14. Bc3 f6 15. e6 f5 16. Qd2 Bxf3 17. gxf3 Qa6 18. a3 Qa4 19. Bb2 a5 20. Bc3 Qb3 21. bxa5 c5 22. Reb1 Qc4 23. Rc1 cxd4 24. Bb4 Qb3 25. Kg2 Bf6 26. Rab1 Qa4 27. Rc7 Rfe8 28. Qd3 Rxa5 29. Bxa5 Qxa5 30. Rcb7 Qc3 31. R1b3 Qc1 32. a4 Qg5+ 33. Kf1 Qf4 34. a5 Rc8 35. Rb1 Rc3 36. R7b3 Rxd3 37. Rxd3 Qc7 38. Ra3 Qc4+ 39. Kg2 Qa6 40. Rb6 Qa7 41. Rb5 Be5 42. a6 Bd6 43. Ra2 Kg7 44. Rb7 Qa8 45. a7 d3 46. Rd7 Be5 47. Kf1 Kf6 48. Rd8 Qxd8 49. a8Q Qxa8 50. Rxa8 Bxh2 51. Rh8 h5 52. Rg8 Bf4 53. Ke1 g5 54. Rh8 h4 55. Rh6+ Ke5 56. Kf1 Kd6 57. Ke1 Ke5 58. Kf1 Bc1 59. Ke1 Kf4 60. Rh7 Ba3 61. Rf7 Bb4+ 62. Kd1 Ke5 63. Rg7 Kf6 64. Rg8 Bc5 65. Ke1 Bd4 66. Kd2 Bxf2 67. Kxd3 h3 68. Rh8 Bh4 0-1

[Event "Moscow op-B"]
[Site "Moscow"]
[Date "2009.02.01"]
[Round "3"]
[White "Bereznev, Andrey"]
[Black "Kirillov, Igor"]
[Result "1/2-1/2"]
[WhiteElo "2122"]
[BlackElo "2277"]
[PlyCount "92"]
[EventDate "2009.01.31"]
[EventType "swiss"]
[EventRounds "9"]
[EventCountry "RUS"]
[SourceTitle "EXT 2012"]
[Source "ChessBase"]
[SourceDate "2011.11.24"]
[SourceVersion "1"]
[SourceVersionDate "2011.11.24"]
[SourceQuality "1"]

1. d4 Nf6 2. c4 c5 3. d5 b5 4. cxb5 a6 5. bxa6 g6 6. Nc3 Bxa6 7. e4 Bxf1 8. Kxf1 d6 9. Nf3 Nbd7 10. g3 Bg7 11. Kg2 0-0 12. Re1 Ra7 13. Nb5 Rb7 14. a4 Ne8 15. Qc2 Nc7 16. Nxc7 Qxc7 17. Nd2 Rfb8 18. Rb1 e6 19. dxe6 fxe6 20. b3 Ne5 21. Bb2 Nc6 22. Bxg7 Qxg7 23. Re3 g5 24. h3 Nd4 25. Qc3 Qf8 26. Rb2 h5 27. Rd3 g4 28. Rxd4 cxd4 29. Qxd4 Rb4 30. Qe3 Rxa4 31. Rc2 Rab4 32. Qg5+ Qg7 33. Qxh5 gxh3+ 34. Kxh3 Qh7 35. Qxh7+ Kxh7 36. f4 d5 37. exd5 exd5 38. Kg4 Re8 39. Kf3 d4 40. Rc7+ Kg8 41. Rd7 Re3+ 42. Kf2 Rd3 43. Ne4 Rbxb3 44. Nf6+ Kf8 45. Nh7+ Kg8 46. Nf6+ Kf8 1/2-1/2

[Event "Moscow op-B 04th"]
[Site "Moscow"]
[Date "2008.02.09"]
[Round "8"]
[White "Matveev, Mikhail1"]
[Black "Kirillov, Igor"]
[Result "0-1"]
[WhiteElo "2127"]
[BlackElo "2293"]
[PlyCount "94"]
[EventDate "2008.02.02"]
[EventType "swiss"]
[EventRounds "9"]
[EventCountry "RUS"]
[SourceTitle "CBM 122 Extra"]
[Source "ChessBase"]
[SourceDate "2008.03.04"]
[SourceVersion "1"]
[SourceVersionDate "2008.03.04"]
[SourceQuality "1"]

1. e4 c5 2. Nf3 Nc6 3. d4 cxd4 4. Nxd4 Nf6 5. Nc3 e5 6. Ndb5 d6 7. a4 a6 8. Na3 Bg4 9. Be2 Bxe2 10. Qxe2 d5 11. Nxd5 Nxd5 12. exd5 Qxd5 13. 0-0 Be7 14. Qg4 h5 15. Qh3 Nd4 16. Re1 g6 17. Qd3 Rd8 18. Nc4 Nc6 19. Qxd5 Rxd5 20. Be3 0-0 21. c3 Rfd8 22. a5 f5 23. Kf1 Kf7 24. Bb6 R8d7 25. Be3 Rd8 26. f3 Ke6 27. Bb6 Re8 28. Bc7 Bf6 29. Rad1 Re7 30. Bb6 Red7 31. Rxd5 Rxd5 32. Bc7 g5 33. Ke2 Rd7 34. Bb6 Ne7 35. g3 g4 36. Be3 gxf3+ 37. Kxf3 e4+ 38. Ke2 h4 39. Nb6 Rd8 40. Rd1 Rxd1 41. Kxd1 hxg3 42. hxg3 Nd5 43. Nxd5 Kxd5 44. Kd2 Be5 45. Bf2 Bc7 46. b4 Kc4 47. Be1 Be5 0-1

[Event "Moscow op-B 04th"]
[Site "Moscow"]
[Date "2008.02.02"]
[Round "1"]
[White "Kirillov, Igor"]
[Black "Nersesian, Vagram Arshakovich"]
[Result "1-0"]
[WhiteElo "2293"]
[BlackElo "2056"]
[PlyCount "55"]
[EventDate "2008.02.02"]
[EventType "swiss"]
[EventRounds "9"]
[EventCountry "RUS"]
[SourceTitle "CBM 122 Extra"]
[Source "ChessBase"]
[SourceDate "2008.03.04"]
[SourceVersion "1"]
[SourceVersionDate "2008.03.04"]
[SourceQuality "1"]

1. e4 c5 2. Nf3 d6 3. Bb5+ Bd7 4. Bxd7+ Qxd7 5. c4 e5 6. Nc3 Nf6 7. d3 Be7 8. 0-0 Nc6 9. Nd5 Nxd5 10. cxd5 Nd4 11. Nxd4 cxd4 12. Qb3 0-0 13. f4 b6 14. Bd2 f6 15. Rac1 Rac8 16. Rc6 Kh8 17. Qc4 Rxc6 18. dxc6 Qc7 19. Rc1 Rc8 20. b4 h6 21. b5 exf4 22. Qd5 a5 23. Qxd4 d5 24. exd5 Qe5 25. Qxe5 fxe5 26. Bc3 Bc5+ 27. Kf1 Re8 28. Bxe5 1-0

[Event "RUS-ch U26"]
[Site "Novokuznetsk"]
[Date "2007.10.29"]
[Round "8"]
[White "Markova, Anna"]
[Black "Kirillov, Igor"]
[Result "0-1"]
[WhiteElo "2099"]
[BlackElo "2279"]
[PlyCount "111"]
[EventDate "2007.10.22"]
[EventType "swiss"]
[EventRounds "9"]
[EventCountry "RUS"]
[SourceTitle "EXT 2009"]
[Source "ChessBase"]
[SourceDate "2008.11.26"]
[SourceVersion "1"]
[SourceVersionDate "2008.11.26"]
[SourceQuality "1"]

1. e4 c5 2. Nf3 Nf6 3. Nc3 Nc6 4. d4 cxd4 5. Nxd4 e5 6. Ndb5 d6 7. Nd5 Nxd5 8. exd5 Nb8 9. c4 a6 10. Nc3 Be7 11. Bd3 0-0 12. 0-0 f5 13. f4 Bf6 14. fxe5 Bxe5 15. Qh5 g6 16. Qf3 Nd7 17. Rb1 Qf6 18. Ne2 a5 19. Bf4 Bxf4 20. Nxf4 Ne5 21. Qg3 Bd7 22. Be2 Kh8 23. Qc3 b6 24. Nd3 Rae8 25. Rbe1 Kg7 26. Nf4 Re7 27. Qb3 Rb8 28. Qc3 Rbe8 29. Qd2 Kg8 30. Nh3 Qh4 31. b3 Ng4 32. Kh1 Re5 33. a3 Qe7 34. Ng1 Re3 35. Rb1 Rxe2 36. Nxe2 Qxe2 37. Qxe2 Rxe2 38. h3 Ne5 39. Rfe1 Rc2 40. Rbc1 Ra2 41. Ra1 Rxa1 42. Rxa1 Kf7 43. Rc1 f4 44. Rc3 Kf6 45. b4 a4 46. c5 bxc5 47. bxc5 dxc5 48. Rxc5 Ke7 49. Rc1 Kd6 50. Rd1 g5 51. h4 h6 52. hxg5 hxg5 53. Kg1 Bb5 54. Rb1 Bc4 55. Rb4 Bb3 56. Rd4 0-1

[Event "RUS-ch U26"]
[Site "Novokuznetsk"]
[Date "2007.10.26"]
[Round "5"]
[White "Kirillov, Igor"]
[Black "Volokushin, Dmitry"]
[Result "1/2-1/2"]
[WhiteElo "2279"]
[BlackElo "2150"]
[PlyCount "84"]
[EventDate "2007.10.22"]
[EventType "swiss"]
[EventRounds "9"]
[EventCountry "RUS"]
[SourceTitle "EXT 2009"]
[Source "ChessBase"]
[SourceDate "2008.11.26"]
[SourceVersion "1"]
[SourceVersionDate "2008.11.26"]
[SourceQuality "1"]

1. e4 c5 2. Nf3 e6 3. c4 a6 4. Nc3 Qc7 5. d4 cxd4 6. Nxd4 Nf6 7. Be3 Bb4 8. Bd3 Nc6 9. Rc1 Ne5 10. Bg5 Nxd3+ 11. Qxd3 Qe5 12. Bxf6 Qxf6 13. 0-0 0-0 14. f4 d6 15. Kh1 Rd8 16. f5 Qe5 17. Nce2 d5 18. exd5 exd5 19. c5 Ba5 20. Ng3 f6 21. Rc2 Qe7 22. a3 Bc7 23. b4 Bd7 24. Qf3 Qf7 25. Rd2 Re8 26. Nge2 Re4 27. Rd3 Be5 28. Rfd1 Ba4 29. R1d2 Bxd4 30. Rxd4 Rae8 31. h3 Qc7 32. Nf4 Qe5 33. Rxe4 dxe4 34. Qe3 Qxf5 35. Rd5 Re5 36. Rd8+ Kf7 37. g4 Qg5 38. Qd2 Re8 39. Qa2+ Ke7 40. Rxe8+ Bxe8 41. Qe6+ Kd8 42. Qd6+ Kc8 1/2-1/2

[Event "RUS-ch U26"]
[Site "Novokuznetsk"]
[Date "2007.10.25"]
[Round "4"]
[White "Okhremchuk, Matvey"]
[Black "Kirillov, Igor"]
[Result "1/2-1/2"]
[WhiteElo "2078"]
[BlackElo "2279"]
[PlyCount "92"]
[EventDate "2007.10.22"]
[EventType "swiss"]
[EventRounds "9"]
[EventCountry "RUS"]
[SourceTitle "EXT 2009"]
[Source "ChessBase"]
[SourceDate "2008.11.26"]
[SourceVersion "1"]
[SourceVersionDate "2008.11.26"]
[SourceQuality "1"]

1. e4 c5 2. Nc3 Nc6 3. f4 g6 4. Nf3 Bg7 5. Bb5 Nd4 6. 0-0 a6 7. Bd3 e6 8. e5 Nxf3+ 9. Qxf3 d5 10. exd6 Qxd6 11. b3 Ne7 12. Ba3 Rb8 13. Ne4 Qd4+ 14. Kh1 b6 15. Rab1 Qd8 16. b4 cxb4 17. Bxb4 0-0 18. Qf2 b5 19. a4 Bd7 20. Ba3 b4 21. Bxb4 Bxa4 22. Nc3 Bc6 23. Bxa6 Qd7 24. Bd3 Rfd8 25. Bc5 Nf5 26. Ne2 Bf6 27. Bxf5 Rxb1 28. Rxb1 gxf5 29. d4 Kh8 30. c3 Rg8 31. Rg1 Qd5 32. Bb6 Rg6 33. h3 Qb3 34. Bc7 Kg8 35. Be5 Be7 36. Nc1 Qd5 37. Qa2 Qe4 38. Qe2 Qxe2 39. Nxe2 Bh4 40. c4 f6 41. d5 exd5 42. cxd5 Bxd5 43. Bd4 Kf7 44. Kh2 Bc4 45. g3 Bxe2 46. g4 Rh6 1/2-1/2

[Event "Perm IM"]
[Site "Perm"]
[Date "2007.06.19"]
[Round "8"]
[White "Kirillov, Igor"]
[Black "Dmitrenko, Viktor"]
[Result "1-0"]
[WhiteElo "2298"]
[BlackElo "2367"]
[PlyCount "27"]
[EventDate "2007.06.12"]
[EventType "tourn"]
[EventRounds "9"]
[EventCountry "RUS"]
[EventCategory "2"]
[SourceTitle "EXT 2022"]
[Source "ChessBase"]
[SourceDate "2021.10.06"]
[SourceVersion "1"]
[SourceVersionDate "2021.10.06"]
[SourceQuality "1"]

1. e4 b6 2. d4 Bb7 3. Bd3 g6 4. f4 Bg7 5. Nf3 d6 6. 0-0 Nd7 7. c3 e6 8. f5 Ne7 9. fxe6 fxe6 10. Ng5 Nf8 11. Nf7 Qd7 12. Nxh8 Bxh8 13. Bh6 Nf5 14. exf5 1-0

[Event "Perm IM"]
[Site "Perm"]
[Date "2007.06.18"]
[Round "7"]
[White "Truskavetsky, Alexandr"]
[Black "Kirillov, Igor"]
[Result "1-0"]
[WhiteElo "2377"]
[BlackElo "2298"]
[PlyCount "71"]
[EventDate "2007.06.12"]
[EventType "tourn"]
[EventRounds "9"]
[EventCountry "RUS"]
[EventCategory "2"]
[SourceTitle "EXT 2022"]
[Source "ChessBase"]
[SourceDate "2021.10.06"]
[SourceVersion "1"]
[SourceVersionDate "2021.10.06"]
[SourceQuality "1"]

1. d4 Nf6 2. c4 c5 3. d5 b5 4. cxb5 a6 5. bxa6 g6 6. Nf3 Bg7 7. Nc3 Bxa6 8. g3 d6 9. Bg2 Nbd7 10. 0-0 Nb6 11. Rb1 0-0 12. b3 Ra7 13. Re1 Qa8 14. Nh4 Rb8 15. a4 Nfd7 16. Bd2 Rab7 17. Qc2 Nc8 18. Na2 c4 19. b4 c3 20. Bxc3 Rc7 21. b5 Bb7 22. Qb2 Bxc3 23. Nxc3 Ncb6 24. Ra1 Nxd5 25. Nxd5 Bxd5 26. Bxd5 Qxd5 27. Reb1 Nc5 28. a5 g5 29. Nf3 g4 30. Qd4 Qh5 31. Nh4 Ne6 32. Qd3 Nf4 33. gxf4 Qxh4 34. b6 Rc5 35. a6 Rh5 36. Qg3 1-0

[Event "Perm IM"]
[Site "Perm"]
[Date "2007.06.16"]
[Round "5"]
[White "Orekhov, Viktor"]
[Black "Kirillov, Igor"]
[Result "0-1"]
[WhiteElo "2285"]
[BlackElo "2298"]
[PlyCount "76"]
[EventDate "2007.06.12"]
[EventType "tourn"]
[EventRounds "9"]
[EventCountry "RUS"]
[EventCategory "2"]
[SourceTitle "EXT 2022"]
[Source "ChessBase"]
[SourceDate "2021.10.06"]
[SourceVersion "1"]
[SourceVersionDate "2021.10.06"]
[SourceQuality "1"]

1. Nc3 d5 2. d4 Nf6 3. Bg5 c6 4. Qd3 g6 5. f3 Bg7 6. e4 dxe4 7. fxe4 Qa5 8. Nf3 Bg4 9. Bd2 0-0 10. Nd5 Qd8 11. Ne3 Bxf3 12. gxf3 c5 13. d5 Nbd7 14. Bc3 Qc7 15. Bg2 Ne5 16. Qe2 Nh5 17. 0-0 Nf4 18. Qf2 b5 19. a3 a5 20. Rfd1 b4 21. axb4 axb4 22. Be1 h5 23. Qf1 c4 24. Bg3 Bh6 25. Kh1 Qc5 26. Bf2 Qc7 27. Bg3 Rxa1 28. Rxa1 Rc8 29. Qd1 Qb6 30. Nf1 b3 31. cxb3 cxb3 32. Bxf4 Bxf4 33. Ng3 Rc2 34. Ne2 Qe3 35. Nxf4 Qxf4 36. Qf1 Nc4 37. Qd3 Ne3 38. Qd4 Kh7 0-1

[Event "RUS-ch U26"]
[Site "Ufa"]
[Date "2004.05.10"]
[Round "6"]
[White "Khadzhaev, Rustem R"]
[Black "Kirillov, Igor"]
[Result "1/2-1/2"]
[WhiteElo "2316"]
[BlackElo "2274"]
[PlyCount "44"]
[EventDate "2004.05.??"]
[EventType "swiss"]
[EventRounds "9"]
[EventCountry "RUS"]
[SourceTitle "EXT 2005"]
[Source "ChessBase"]
[SourceDate "2004.11.15"]
[SourceVersion "1"]
[SourceVersionDate "2004.11.15"]
[SourceQuality "1"]

1. d4 Nf6 2. Nf3 c5 3. d5 e6 4. Nc3 d6 5. e4 exd5 6. exd5 Be7 7. Be2 0-0 8. 0-0 Re8 9. h3 Bf8 10. Bg5 a6 11. a4 Nbd7 12. Nd2 b6 13. Nc4 Ne5 14. Bxf6 Qxf6 15. Nxb6 Ra7 16. a5 g6 17. Ra4 Bg7 18. Re1 Qd8 19. Ne4 Bd7 20. Ra1 Bf5 21. Ng3 Bc8 22. Ne4 Bf5 1/2-1/2

[Event "RUS-ch U26"]
[Site "Ufa"]
[Date "2004.05.08"]
[Round "4"]
[White "Kirillov, Igor"]
[Black "Kokarev, Dmitry"]
[Result "0-1"]
[WhiteElo "2274"]
[BlackElo "2491"]
[PlyCount "102"]
[EventDate "2004.05.??"]
[EventType "swiss"]
[EventRounds "9"]
[EventCountry "RUS"]
[SourceTitle "EXT 2005"]
[Source "ChessBase"]
[SourceDate "2004.11.15"]
[SourceVersion "1"]
[SourceVersionDate "2004.11.15"]
[SourceQuality "1"]

1. e4 c5 2. Nf3 d6 3. Bb5+ Bd7 4. Bxd7+ Qxd7 5. c4 Nf6 6. Nc3 Nc6 7. d4 cxd4 8. Nxd4 Qg4 9. 0-0 Qxd1 10. Rxd1 Rc8 11. b3 Nxd4 12. Rxd4 g6 13. Bb2 Bg7 14. Re1 a6 15. Rd2 Nd7 16. Nd5 Bxb2 17. Rxb2 e6 18. Nb4 Ke7 19. Rd2 Rhd8 20. f3 Ne5 21. Red1 f5 22. exf5 gxf5 23. Re2 Kf7 24. Rde1 Re8 25. Rd1 Nc6 26. Nc2 Red8 27. Red2 Ne7 28. Nd4 h6 29. Re2 Nc6 30. Rdd2 Nxd4 31. Rxd4 b5 32. cxb5 axb5 33. Rb4 Rc5 34. Rh4 Rh8 35. a4 bxa4 36. bxa4 e5 37. Rb4 Ra5 38. Kf2 Ke6 39. Rd2 Ra6 40. Ra2 Ra5 41. Rd2 h5 42. f4 e4 43. Rbd4 Ra6 44. Ra2 h4 45. Rb2 Rha8 46. Ra2 Rb8 47. h3 Rb3 48. Ke2 Ra5 49. Rc4 Rd3 50. Rc8 Rd4 51. Re8+ Kd7 0-1

[Event "RUS-ch U26"]
[Site "Ufa"]
[Date "2004.05.05"]
[Round "1"]
[White "Kirillov, Igor"]
[Black "Sanatullin, Rinat"]
[Result "1/2-1/2"]
[WhiteElo "2274"]
[BlackElo "2130"]
[PlyCount "57"]
[EventDate "2004.05.??"]
[EventType "swiss"]
[EventRounds "9"]
[EventCountry "RUS"]
[SourceTitle "EXT 2005"]
[Source "ChessBase"]
[SourceDate "2004.11.15"]
[SourceVersion "1"]
[SourceVersionDate "2004.11.15"]
[SourceQuality "1"]

1. e4 c6 2. d4 d5 3. exd5 cxd5 4. c4 Nf6 5. Nc3 e6 6. Nf3 Bb4 7. cxd5 Nxd5 8. Bd2 0-0 9. Bd3 Nc6 10. 0-0 Be7 11. Be4 Bf6 12. Be3 Nce7 13. Qd3 h6 14. Rad1 Bd7 15. Ne5 Nxc3 16. Qxc3 Nd5 17. Qb3 Bc6 18. Nxc6 bxc6 19. Bc1 Qd6 20. Bb1 Bg5 21. Qc2 g6 22. Bxg5 hxg5 23. Rc1 Ne7 24. Rfd1 Rad8 25. Qa4 Qb8 26. b3 Rd6 27. Rc5 Rfd8 28. g3 Qb6 29. Qc4 1/2-1/2

[Event "Chigorin Memorial 08th"]
[Site "St Petersburg"]
[Date "2000.11.10"]
[Round "9"]
[White "Reutsky, Sergei"]
[Black "Kirillov, Igor"]
[Result "0-1"]
[WhiteElo "2277"]
[BlackElo "2205"]
[PlyCount "60"]
[EventDate "2000.10.31"]
[EventType "swiss"]
[EventRounds "9"]
[EventCountry "RUS"]
[SourceTitle "EXT 2001"]
[Source "ChessBase"]
[SourceDate "2000.11.22"]
[SourceVersion "1"]
[SourceVersionDate "2000.11.22"]
[SourceQuality "1"]

1. e4 c5 2. Nf3 e6 3. d3 Nc6 4. g3 d5 5. Nbd2 Nf6 6. Bg2 Be7 7. 0-0 b6 8. Re1 Bb7 9. e5 Nd7 10. Nf1 Qc7 11. Qe2 0-0-0 12. c3 Rdg8 13. h4 h6 14. N1h2 g5 15. hxg5 hxg5 16. Ng4 Rh5 17. a3 Rgh8 18. b4 Qd8 19. d4 R8h7 20. Rb1 Qh8 21. Nfh2 cxb4 22. axb4 Rxh2 23. Nxh2 Rxh2 24. Ba3 b5 25. Qxb5 g4 26. Qd3 Ncxe5 27. dxe5 Rxg2+ 28. Kf1 d4 29. cxd4 Rxf2+ 30. Kxf2 Qh2+ 0-1

[Event "Chigorin Memorial 08th"]
[Site "St Petersburg"]
[Date "2000.10.31"]
[Round "1"]
[White "Kirillov, Igor"]
[Black "Drozdovskij, Yuri"]
[Result "0-1"]
[WhiteElo "2205"]
[BlackElo "2421"]
[PlyCount "78"]
[EventDate "2000.10.31"]
[EventType "swiss"]
[EventRounds "9"]
[EventCountry "RUS"]
[SourceTitle "EXT 2001"]
[Source "ChessBase"]
[SourceDate "2000.11.22"]
[SourceVersion "1"]
[SourceVersionDate "2000.11.22"]
[SourceQuality "1"]

1. e4 e6 2. d4 d5 3. e5 c5 4. c3 Nc6 5. Nf3 Bd7 6. a3 Nge7 7. Bd3 cxd4 8. cxd4 Qb6 9. Bc2 Nf5 10. Bxf5 exf5 11. Nc3 Be6 12. 0-0 Be7 13. Qd3 Na5 14. h4 h6 15. h5 Rc8 16. Bd2 Nc4 17. Rfb1 Qb3 18. Bc1 Kd7 19. Nd2 Nxd2 20. Bxd2 Rc4 21. Rd1 Rhc8 22. Rab1 Ke8 23. Bf4 Kf8 24. Qf3 Rd8 25. Rd3 Qb6 26. Be3 Rc6 27. Rdd1 Qb3 28. Qe2 Rdc8 29. Qb5 Rb6 30. Qd3 a6 31. Re1 Ke8 32. Red1 Rbc6 33. Ne2 Qxd3 34. Rxd3 f4 35. Nxf4 Bf5 36. Rdd1 Bxb1 37. Rxb1 Rd8 38. Nd3 Rb6 39. Kf1 Bxa3 0-1

[Event "RUS-ch U14"]
[Site "Nizhnij Novgorod"]
[Date "1999.??.??"]
[Round "?"]
[White "Kirillov, Igor"]
[Black "Kadatsky, Alexander"]
[Result "0-1"]
[WhiteElo "2169"]
[BlackElo "2247"]
[PlyCount "88"]
[EventDate "1999.02.??"]
[EventType "swiss"]
[EventRounds "9"]
[EventCountry "RUS"]
[SourceTitle "EXT 2000"]
[Source "ChessBase"]
[SourceDate "1999.11.16"]
[SourceVersion "1"]
[SourceVersionDate "1999.11.16"]
[SourceQuality "1"]

1. d4 Nf6 2. c4 c5 3. d5 b5 4. Nf3 g6 5. Qc2 bxc4 6. Nc3 d6 7. e4 Bg7 8. Bxc4 0-0 9. 0-0 Ba6 10. Bxa6 Nxa6 11. Qe2 Nc7 12. Bf4 Qb8 13. Rad1 Qb7 14. Rd2 Rad8 15. Rfd1 Rfe8 16. h3 a6 17. a4 e6 18. dxe6 Nxe6 19. Bh2 Nd4 20. Nxd4 Nxe4 21. Qf3 Bxd4 22. Bf4 d5 23. Nxe4 dxe4 24. Qe2 Qb4 25. Qxa6 Ra8 26. Qb5 Qxa4 27. Qxa4 Rxa4 28. Re2 Rb4 29. Be3 f5 30. Red2 Rd8 31. g3 Kf7 32. Kg2 Rd7 33. h4 Ke6 34. Kf1 Rd5 35. Rb1 Bxe3 36. Rxd5 Kxd5 37. fxe3 Kc4 38. Ke2 Kb3 39. Rc1 Rc4 40. Rd1 Kxb2 41. Rd7 Rb4 42. Rxh7 c4 43. Rc7 c3 44. Rc6 Rb8 0-1